[Event "Biel MTO op"]
[Site "Biel"]
[Date "1992.??.??"]
[Round "2"]
[White "Storm, Roland"]
[Black "Hirzel, Rene"]
[Result "1-0"]
[WhiteElo "2315"]
[BlackElo "2240"]
[PlyCount "59"]
[EventDate "1992.07.??"]
[EventType "swiss"]
[EventRounds "11"]
[EventCountry "SUI"]
[SourceTitle "CBM 031 Extra"]
[Source "ChessBase"]
[SourceDate "1993.01.01"]
[SourceVersion "1"]
[SourceVersionDate "1993.01.01"]
[SourceQuality "1"]

1. e4 c5 2. Nc3 e6 3. f4 Nc6 4. Nf3 a6 5. d3 Qc7 6. g3 d6 7. Bg2 Nf6 8. 0-0 Be7 9. Bd2 Rb8 10. Ne2 b5 11. c3 c4 12. Ned4 cxd3 13. Nxc6 Qxc6 14. Nd4 Qc7 15. Qf3 Bb7 16. Qxd3 0-0 17. h3 d5 18. e5 Nd7 19. Kh2 Nc5 20. Qe2 Ne4 21. Be3 Rbc8 22. f5 exf5 23. Nxf5 f6 24. Qg4 Bd8 25. Bxe4 dxe4 26. Bc5 Rf7 27. Bd6 Qd7 28. Nh6+ Kh8 29. e6 gxh6 30. exd7 1-0